Amami! /
Guardat en:
| Autor principal: | |
|---|---|
| Format: | Llibre |
| Idioma: | italià |
| Publicat: |
Forlì :
Zoe,
2006
|
| Etiquetes: |
Sense etiquetes, Sigues el primer a etiquetar aquest registre!
|
MARC
| LEADER | 00000nam a22000007i 4500 | ||
|---|---|---|---|
| 001 | IT\ICCU\UBO\3048242 | ||
| 003 | ItRI | ||
| 005 | 20240326194033.0 | ||
| 008 | 060908s2006 it |||||| ||||| |||||c | ||
| 020 | |a 8886865422 | ||
| 040 | |b ita |c GP | ||
| 041 | 7 | |a ita |2 ISO-639-2 | |
| 100 | 1 | |a Versino, E. G. |0 IT\ICCU\UBOV\048916 |4 aut | |
| 245 | 1 | 0 | |a Amami! / |c E. G. Versino. |
| 260 | |a Forlì : |b Zoe, |c 2006 | ||
| 300 | |a 281 p. ; |c 20 cm. | ||
| 942 | |2 ddc |c BK | ||
| 952 | |0 0 |1 0 |2 ddc |4 0 |6 853_920000000000000_VER |7 1 |9 1117 |a RM |b RM |d 2024-03-26 |l 0 |o 853.92 VER |p 641 |r 2024-03-26 19:41:03 |w 2024-03-26 |y BK | ||
| 981 | 1 | |6 z01 |a i |b xxxe | |
| 982 | 1 | |6 z01 |a n | |
| 999 | |c 1023 |d 1023 | ||